Subtract a Letter - Make a Capital City - Statistics

General Stats
  • This quiz has been taken 714 times
  • The average score is 11 of 20
Answer Stats
Word Letter Country % Correct
Stool T Oslo
89%
Cigar C Riga
88%
Aspire E Paris
78%
Brine I Bern
77%
Livid V Dili
75%
Unbuild U Dublin
63%
Blouse B Seoul
62%
Mailman M Manila
61%
Fiasco C Sofia
57%
Admired E Madrid
54%
Aortic T Cairo
52%
Goblins G Lisbon
52%
Aberrance E Canberra
51%
Bedraggle G Belgrade
48%
Chasten C Athens
42%
Earplug L Prague
42%
Glaciers C Algiers
37%
Sublessor O Brussels
36%
Artisan S Tirana
35%
Another O Tehran
23%
No matching quizzes found
Score Distribution
Percent of People with Each Score
Percentile by Number Answered
Your Score History
You have not taken this quiz